000
00195 a2200097 4500
001
13913
100
_a
Clay N L
245
_a
I Remember
260
_a
London
_b
Heinemann
_c
090
_c
10881
_d
10881
942
_a
NUST-CAE
_c
M
_c
982
999
_c
248986
_d
248986